000 00784cam a2200253Ia 4500
020 _a9789251069912
020 _a9251069913
040 _cCUD
082 _a633 FOO 2011 A051 Or.
100 1 _aDasgupta, Subash.
245 1 0 _aGood agricultural governance :
_ba resource guide focused on smallholder crop production /
260 _aBangkok :
_bFood and Agriculture Organization of the United Nations Regional Office for Asia and the Pacific,
_c2011.
300 _axix, 114 p. ;
_c26 cm.
490 1 _aRAP publication ;
650 0 _aAgriculture
650 0 _aAgriculture
650 0 _aCrops
650 0 _aCrops
650 0 _aFarms, Small
650 0 _aFarms, Small
700 1 _aRoy, Indrajit.
710 2 _aFAO Regional Office for Asia and the Pacific.
942 _cEK
999 _c14535
_d14535